Correctly Spelled African Countries - Sudden Death - Statistics

General Stats
  • This quiz has been taken 56 times
  • The average score is 11 of 16
Answers on the Grid
Answers color-coded by a green-red scale on the quiz's grid according to % correct below.
Angola
Egipt
Gambia
South Afrika
Seychelles
Toogo
Burkina Faso
Eswattini
Morocco
Mauritainia
Burundi
Rowanda
Senegal
Guineau
Gabon
Equatorial Guineau
Somalia
Ethyopia
Eritrea
Dijibouti
Madagascar
Komoros
Algeria
Lybia
Uganda
Serra Leone
Tunisia
Batswana
Lesotho
Milawi
Nigeria
Chaad
 
Answer Stats
Answer % Correct
Lesotho
71%
Somalia
71%
Tunisia
71%
Burundi
68%
Eritrea
68%
Gabon
68%
Madagascar
68%
Nigeria
68%
Angola
66%
Senegal
66%
Uganda
66%
Gambia
63%
Morocco
63%
Seychelles
63%
Burkina Faso
61%
Algeria
58%
No matching quizzes found
Score Distribution
Percent of People with Each Score
Percentile by Number Answered
Your Score History
You have not taken this quiz